| 000 | 00436cam a2200169ua 4500 | ||
|---|---|---|---|
| 020 | _c48.00 | ||
| 041 |
_aeng _h |
||
| 082 |
_a621.4022 _bDRA/HE |
||
| 100 | _aDrake, Eckbert . | ||
| 245 |
_aHeat and mass transfer / _cEckbert Drake. _hTextual Documents |
||
| 260 |
_aNew Delhi : _bTata Mc-Graw Hill Publishing Company , _c1985. |
||
| 300 | _a530 ; . | ||
| 365 | _a48.00 | ||
| 504 | _a | ||
| 942 | _cBK | ||
| 999 |
_c10668 _d10668 |
||